000 01160nji a22002657a 4500
005 20100910140640.0
006 a|||||r|||||00| 0
007 sd ammalaaahaa
008 100830t xxu||||| |||| 00| 0 eng d
028 _aN 55639
_bHis Master's Voice
035 _aGR-01828
040 _aSED
_cSED
100 _917455
_aHemant Kumar
245 _aSambhand /
_cby Hemant Kumar [and] Asha Bhosle ; music by O P Nayyar ; lyrics by Pradeep
_h[sound recording] :
246 _aसम्बन्ध
260 _aDum Dum, India
_bHis Master's Voice
300 _a1 sound disc [Gramophone Recording]:
_banalog, 33 1/3 rpm
_c9.5 in. (MP)
_fGramophone Record
500 _aBrief Record
505 _aSide-1 तुम को तो करोडो साल हुए (Tum ko to karoro saal hue) (Asha Bhosle) --Side-२ ऐ जगत पिता परमात्मा (He jagat pita parmatma) (Hemant Kumar & Asha Bhosle)
650 _aMotion Picture music
_zIndia
_91186
_xExcerpts
700 _917416
_aNayyar, O P
700 _917456
_aPradeep
942 _2ddc
_cGR
999 _c45126
_d45126